书目信息 |
| 题名: |
漫步因特网(Internet)
|
|
| 作者: | 刘信圣 主编 | |
| 分册: | ||
| 出版信息: | 北京 人民交通出版社 1998.08 |
|
| 页数: | 175页 | |
| 开本: | 16开 | |
| 丛书名: | ||
| 单 册: | ||
| 中图分类: | TP393.4 | |
| 科图分类: | ||
| 主题词: | 计算机应用 | |
| 电子资源: | ||
| ISBN: | 7-114-03113-0 | |
| 000 | 00548nam0 2200193 45 | |
| 001 | 9911231709 | |
| 005 | 20160429102213.97 | |
| 010 | @a7-114-03113-0@d24.00元 | |
| 100 | @a19991123d1998 km y0chiy0120 ea | |
| 101 | @achi | |
| 200 | 1 | @a漫步因特网(Internet)@AMan Bu Yin Te Wang(Internet)@f刘信圣主编@FLiu Xin Sheng Zhu Bian |
| 210 | @a北京@c人民交通出版社@d1998.08 | |
| 215 | @a175页@d16开 | |
| 606 | 0 | @a计算机应用 |
| 690 | @aTP393.4 | |
| 690 | @v3 | |
| 701 | @a刘信圣@4主编 | |
| 801 | @aCN@bPFTUser@c20061218 | |
| 905 | @f3@b44688-690@dTP393.4@eL798 | |
| 漫步因特网(Internet)/刘信圣主编.-北京:人民交通出版社,1998.08 |
| 175页;16开 |
| ISBN 7-114-03113-0:24.00元 |
| ● |
| 相关链接 |
|
|
|
正题名:漫步因特网(Internet)
索取号:TP393.4/L798
 
预约/预借
| 序号 | 登录号 | 条形码 | 馆藏地/架位号 | 状态 | 备注 |
| 1 | 444203 | 204442031 | 管理学院资料室/ [索取号:TP393.4/L798] | 在馆 | |
| 2 | 44688 | 200446883 | 期刊室512/301自科库 132排1列6层/ [索取号:TP393.4/L798] | 在馆 | |
| 3 | 44689 | 200446892 | 自科二线404/404自科库 13排4列2层/ [索取号:TP393.4/L798] | 在馆 | |
| 4 | 47379 | 200473790 | 自科库301/ [索取号:TP393.4/L798] | 在馆 | |
| 5 | 47380 | 200473807 | 期刊室512/301自科库 132排1列6层/ [索取号:TP393.4/L798] | 在馆 | |
| 6 | 47381 | 200473816 | 自科库301/ [索取号:TP393.4/L798] | 在馆 | |
| 7 | 819130 | 208191302 | 管理学院资料室/ [索取号:TP393.4/L798] | 在馆 |